| 000 | 00836nam a22002657a 4500 | ||
|---|---|---|---|
| 999 |
_c18306 _d18306 |
||
| 003 | AR-CdUCM | ||
| 008 | 190513b ||||| |||| 00| 0 spa d | ||
| 040 |
_aMUNICIPALIDAD PROVINCIAL DEL CUSCO _cBIBLIOTECA MUNICIPAL DEL CUSCO |
||
| 082 |
_a335.4 / _bC70 |
||
| 100 |
_aMarx _924039 |
||
| 245 | _aTeoría marxista del partido / | ||
| 260 |
_aMéxico : _bGrijalbo, _c1972. |
||
| 300 |
_a160 páginas ; _c19 cm. |
||
| 440 |
_aColección 70 _n117 _938817 |
||
| 505 | _aContenido : El partido proletario -- ¿Por donde empezar? -- Treas urgentes de nuestro movimiento ... | ||
| 650 |
_aTeoría _95077 |
||
| 650 |
_aMarxista _938028 |
||
| 650 |
_aCapitalismo _93221 |
||
| 700 |
_aEngels _938818 |
||
| 700 |
_aLenin _911342 |
||
| 700 |
_aBujarin _938819 |
||
| 700 |
_aLukáes _938820 |
||
| 942 |
_2ddc _cLIBROS |
||
| 945 |
_arah _d2019/05/13 |
||